Holiday Quiz

Random Holiday or Christmas Quiz

Who Said It? Christmas Characters Quiz Stats

 Plays Quiz not verified by Sporcle

Score 0/40 Timer 06:00
0 Plays Today
Question Answer Wrong Answers
He's an angry elf. Buddy the Elf
86.5%
Charlie Brown
0.9%
Clark W. Griswold
1.6%
George Bailey
0.4%
Good grief. Charlie Brown
85.2%
Buddy the Elf
1.4%
Clark W. Griswold
1.3%
George Bailey
1.8%
Is there sugar in syrup? Buddy the Elf
82.1%
Charlie Brown
3.6%
Clark W. Griswold
2.3%
George Bailey
1.6%
Where do you think you're going? Nobody's leaving. Nobody's walking out on this fun, old-fashioned family Christmas. No, no. We're all in this together. This is a full-blown, four-alarm holiday emergency here. Clark W. Griswold
81.1%
Buddy the Elf
1.6%
Charlie Brown
2.4%
George Bailey
4.5%
Yeah, it is a bit nipply out. I mean nippy. What am I saying, nipple? Huh, there is a nip in the air. Clark W. Griswold
78.9%
Buddy the Elf
7%
Charlie Brown
1.4%
George Bailey
2.4%
Does somebody need a hug? Buddy the Elf
78.2%
Charlie Brown
5%
Clark W. Griswold
4.3%
George Bailey
2.4%
Can I refill your eggnog for you? Get you something to eat? Drive you out to the middle of nowhere and leave you for dead? Clark W. Griswold
77.4%
Buddy the Elf
6.1%
Charlie Brown
1.3%
George Bailey
4.5%
We're kicking off our fun old fashion family Christmas by heading out into the country in the old front-wheel drive sleigh to embrace the frosty majesty of the winter landscape and select that most important of Christmas symbols. Clark W. Griswold
76.4%
Buddy the Elf
3.6%
Charlie Brown
4.3%
George Bailey
4.7%
I know nobody likes me. Why do we have to have a holiday season to emphasize it? Charlie Brown
75.1%
Buddy the Elf
3.5%
Clark W. Griswold
4.9%
George Bailey
5.8%
Everything I do turns into a disaster. Charlie Brown
74.9%
Buddy the Elf
3.1%
Clark W. Griswold
5.3%
George Bailey
6.4%
Worse? How could things get any worse? Take a look around here, Ellen. We're at the threshold of hell. Clark W. Griswold
74.5%
Buddy the Elf
1.6%
Charlie Brown
2.3%
George Bailey
11.2%
I think you're really beautiful and I feel really warm when I'm around you and my tongue swells up. Buddy the Elf
73.4%
Charlie Brown
4.7%
Clark W. Griswold
5.7%
George Bailey
5.6%
I've killed it. Oh! Everything I touch gets ruined. Charlie Brown
73.3%
Buddy the Elf
5.2%
Clark W. Griswold
3.6%
George Bailey
7.3%
You're the only person I know who can raise a cloud of dust in a snowstorm. Charlie Brown
71.3%
Buddy the Elf
4.5%
Clark W. Griswold
6.1%
George Bailey
7.1%
Look, we're still in business, we've got two bucks left! George Bailey
71.3%
Buddy the Elf
3.3%
Charlie Brown
7.9%
Clark W. Griswold
7.8%
The best way to spread Christmas cheer, is singing loud for all to hear. Buddy the Elf
70.7%
Charlie Brown
9.5%
Clark W. Griswold
2.5%
George Bailey
6.6%
You sit on a throne of lies! Buddy the Elf
70.7%
Charlie Brown
2.8%
Clark W. Griswold
7.8%
George Bailey
8.5%
Watch out, the yellow ones don't stop! Buddy the Elf
70.3%
Charlie Brown
5.6%
Clark W. Griswold
8.5%
George Bailey
4.5%
Well, I don't have much time. I'm supposed to get down to the school auditorium to direct a Christmas play. Charlie Brown
70.3%
Buddy the Elf
2.6%
Clark W. Griswold
5.8%
George Bailey
10.8%
I've gotten a Christmas bonus every year but this one. Clark W. Griswold
70.1%
Buddy the Elf
2.7%
Charlie Brown
0.9%
George Bailey
15.4%
Isn't there anyone who knows what Christmas is all about? Charlie Brown
69.8%
Buddy the Elf
8.5%
Clark W. Griswold
2.8%
George Bailey
8.4%
I said I wished I was never born! George Bailey
69.7%
Buddy the Elf
5.2%
Charlie Brown
12.9%
Clark W. Griswold
1.2%
You stink. You smell like beef and cheese! Buddy the Elf
68.5%
Charlie Brown
5.5%
Clark W. Griswold
12.5%
George Bailey
3%
Christmas is coming, but I'm not happy. I don't feel the way I'm supposed to feel. Charlie Brown
67.3%
Buddy the Elf
8.7%
Clark W. Griswold
2.9%
George Bailey
10.4%
Ha, ha, ha, ha! My mouth's bleeding, Bert! My mouth's bleeding! George Bailey
66.1%
Buddy the Elf
8.7%
Charlie Brown
3.3%
Clark W. Griswold
11.8%
Merry Christmas, movie house! Merry Christmas, Emporium! George Bailey
65.6%
Buddy the Elf
11.7%
Charlie Brown
5.6%
Clark W. Griswold
6.2%
It's a one year membership to the Jelly of the Month Club. Clark W. Griswold
65.5%
Buddy the Elf
13.9%
Charlie Brown
7.1%
George Bailey
3.1%
If I woke up tomorrow with my head sewn to the carpet, I wouldn't be more surprised than I am now. Clark W. Griswold
65%
Buddy the Elf
7.5%
Charlie Brown
6.7%
George Bailey
10.3%
Isn't it wonderful? I'm going to jail! George Bailey
63.7%
Buddy the Elf
11.7%
Charlie Brown
1%
Clark W. Griswold
13%
Hey, kids, I heard on the news that an airline pilot spotted Santa's sleigh on its way in from New York City. Clark W. Griswold
62.3%
Buddy the Elf
21.1%
Charlie Brown
1.3%
George Bailey
4.2%
I know what I'm gonna do tomorrow, and the next day, and the next year, and the year after that. George Bailey
61.2%
Buddy the Elf
16.9%
Charlie Brown
6.3%
Clark W. Griswold
4.2%
No, you see you make a wish and then try to break some glass and you've got to be a pretty good shot nowadays too. George Bailey
57.2%
Buddy the Elf
10.9%
Charlie Brown
5.1%
Clark W. Griswold
16.2%
I wish I had a million dollars.... Hot dog! George Bailey
55.4%
Buddy the Elf
11.5%
Charlie Brown
10.9%
Clark W. Griswold
11%
You call this a happy family? Why do we have to have all these kids? George Bailey
52.2%
Buddy the Elf
1.6%
Charlie Brown
1.7%
Clark W. Griswold
33.6%
So, good news, I saw a dog today. Buddy the Elf
50.5%
Charlie Brown
18.5%
Clark W. Griswold
10.8%
George Bailey
9.5%
What's pantophobia? Charlie Brown
43.4%
Buddy the Elf
24.6%
Clark W. Griswold
14.5%
George Bailey
7.1%
Don't you know sarcasm when you hear it? Charlie Brown
42.2%
Buddy the Elf
12.3%
Clark W. Griswold
23.6%
George Bailey
11.3%
Look what you've done to my tree! Clark W. Griswold
40.3%
Buddy the Elf
5.6%
Charlie Brown
39.5%
George Bailey
4%
Well, then you can swallow it, and it'll all dissolve, see, and the moonbeams would shoot out of your fingers and your toes and the ends of your hair... am I talking too much? George Bailey
37.1%
Buddy the Elf
40.2%
Charlie Brown
3.5%
Clark W. Griswold
8.4%
You look older without your clothes on. George Bailey
20.8%
Buddy the Elf
43%
Charlie Brown
2.6%
Clark W. Griswold
23.1%

You're not logged in!

Compare scores with friends on all Sporcle quizzes.
OR
Log In

You Might Also Like...

Show Comments

Extras

Top Quizzes Today


Score Distribution

Your Account Isn't Verified!

In order to create a playlist on Sporcle, you need to verify the email address you used during registration. Go to your Sporcle Settings to finish the process.

Report this User

Report this user for behavior that violates our Community Guidelines.

Details: